The arguers / Corinna Luyken.
Available copies
- 1 of 1 copy available at LARL/NWRL Consortium.
Current holds
0 current holds with 1 total copy.
Show Only Available Copies
| Location | Call Number / Copy Notes | Barcode | Shelving Location | Status | Due Date |
|---|---|---|---|---|---|
| Warroad Public Library | e LUY (Text) | 35500006870479 | Main | Available | - |
Record details
- ISBN: 9781984814425
- ISBN: 1984814427
- Physical Description: 1 volume (unpaged) : color illustrations ; 30 cm
- Publisher: New York : Rocky Pond Books, 2025.
Content descriptions
| Summary, etc.: | "A community forgets how to get along until ... Read More |
| Target Audience Note: | Ages 4-8 years. Rocky Pond Books. |
Search for related items by subject
| Subject: | Quarreling > Juvenile fiction. Contests > Juvenile fiction. Friendship > Juvenile fiction. Quarreling > Fiction. Contests > Fiction. Picture books. |
| Genre: | Picture books. |
| LDR | 01644cam a2200421 i 4500 | ||
|---|---|---|---|
| 001 | 464133 | ||
| 003 | LARL_NWRL_CONSORTIUM | ||
| 005 | 20250528120943.0 | ||
| 008 | 250513s2025 nyua b 000 1 eng | ||
| 010 | . | ‡a 2025010209 | |
| 040 | . | ‡aDLC ‡beng ‡erda ‡cYOL ‡dYOL ‡dOCLCO ‡dSDG ‡dOCLCO ‡dRNL ‡dOCLCO | |
| 020 | . | ‡a9781984814425 ‡q(hardcover) | |
| 020 | . | ‡a1984814427 ‡q(hardcover) | |
| 035 | . | ‡a(OCoLC)1519494395 | |
| 082 | 0 | 0. | ‡a[E] ‡223 |
| 100 | 1 | . | ‡aLuyken, Corinna, ‡eauthor, ‡eillustrator. ‡1https://id.oclc.org/worldcat/entity/E39PCjyWwYdBKVhRY9KX8y6fWP ‡0(LARL_NWRL_CONSORTIUM)224731 |
| 245 | 1 | 4. | ‡aThe arguers / ‡cCorinna Luyken. |
| 264 | 1. | ‡aNew York : ‡bRocky Pond Books, ‡c2025. | |
| 300 | . | ‡a1 volume (unpaged) : ‡bcolor illustrations ; ‡c30 cm | |
| 336 | . | ‡atext ‡btxt ‡2rdacontent | |
| 336 | . | ‡astill image ‡bsti ‡2rdacontent | |
| 337 | . | ‡aunmediated ‡bn ‡2rdamedia | |
| 338 | . | ‡avolume ‡bnc ‡2rdacarrier | |
| 520 | . | ‡a"A community forgets how to get along until something dramatic happens during an arguing contest"-- ‡cProvided by publisher. | |
| 521 | . | ‡aAges 4-8 years. ‡bRocky Pond Books. | |
| 650 | 0. | ‡aQuarreling ‡vJuvenile fiction. | |
| 650 | 0. | ‡aContests ‡vJuvenile fiction. ‡0(LARL_NWRL_CONSORTIUM)171628 | |
| 650 | 0. | ‡aFriendship ‡vJuvenile fiction. ‡0(LARL_NWRL_CONSORTIUM)164914 | |
| 650 | 1. | ‡aQuarreling ‡vFiction. | |
| 650 | 1. | ‡aContests ‡vFiction. | |
| 650 | 1. | ‡aPicture books. ‡0(LARL_NWRL_CONSORTIUM)28193 | |
| 655 | 7. | ‡aPicture books. ‡2lcgft | |
| 901 | . | ‡a464133 ‡bAUTOGEN ‡c464133 ‡tbiblio | |

Add to basket
Permalink
Disable Highlighting